Normal view
MARC view
- Supervisor: Dr. Hassan Jalil Shah
Entry Personal Name
001 - CONTROL NUMBER
- control field: 125693
003 - CONTROL NUMBER IDENTIFIER
- control field: NUST
005 - DATE AND TIME OF LATEST TRANSACTION
- control field: 20240906160653.0
008 - FIXED-LENGTH DATA ELEMENTS
- fixed length control field: 240906|| aca||aabn | a|a d
040 ## - CATALOGING SOURCE
- Original cataloging agency: NUST
- Transcribing agency: NUST
100 ## - HEADING--PERSONAL NAME
- Personal name: Supervisor: Dr. Hassan Jalil Shah
670 ## - SOURCE DATA FOUND
- Source citation: Work cat.: (NUST): Fatima, Hareem 125692, Analyzing The Challenges towards E-governance Initiatives on Pak-Afghan Border: A Case Study of Chamman Border/
